Diseño de un bioreactor por lotes para la producción de ácido láctico a partir de un sustrato de pulpa de banano utilizando la bacteria Lactobacillus casei
Gespeichert in:
| 1. Verfasser: | |
|---|---|
| Format: | Buch |
| Veröffentlicht: |
[San José, Costa Rica]
2009
|
| Schlagworte: | |
| Tags: |
Tag hinzufügen
Keine Tags, Fügen Sie den ersten Tag hinzu!
|
MARC
| LEADER | 00000nam a2200000Ia 4500 | ||
|---|---|---|---|
| 003 | 001303 | ||
| 005 | 20221231144051.0 | ||
| 008 | 140114s5826 cr a 000 ||s d | ||
| 040 | |c cru CEDI | ||
| 090 | |a TFG 5826 | ||
| 100 | |a García González, Gustavo |9 3923 | ||
| 245 | |a Diseño de un bioreactor por lotes para la producción de ácido láctico a partir de un sustrato de pulpa de banano utilizando la bacteria Lactobacillus casei | ||
| 260 | |c 2009 |b [San José, Costa Rica] | ||
| 300 | |a ix, 92 hojas; ilustraciones | ||
| 500 | |a Proyecto de graduación (licenciatura en ingeniería química)--Universidad de Costa Rica. Facultad de Ingeniería. Escuela de Ingeniería Química | ||
| 650 | |x BIORREACTORES |x DISEÑO Y CONSTRUCCION |x ACIDO LACTICO |x PULPA DE BANANO |x CINETICA QUIMICA |x BIOTECNOLOGIA |9 3924 | ||
| 942 | |c TFG | ||
| 999 | |c 16409 |d 16409 | ||
